000 00707nam a2200265Ia 4500
003 OSt
005 20221006152554.0
006 a|||||r|||| 00| 0
007 ta
008 221006b |||||||| |||| 00| 0 chi d
020 _a9787020027767
024 _a28,908
037 _bGift, PRC
_cTextual
040 _aEASL
_cEASL
_bchi
041 _2chi
_achi
082 _aO41,3, N8
100 _aSHAO Yan Xiang Juan
_9660968
245 0 _aZhong hua san wen zhen cang
260 _aBeijing
_bRen min wen xue chu ban she
_c1998
300 _a238p.
_ccm.
490 _v CL
650 _aCL
_9642733
942 _hO41,3, N8
_cTEXL
_2CC
999 _c1096994
_d1096994